000 00425cam a2200181ua 4500
020 _cRs 3.00
041 _ahin
_h
082 _a891.54
_bARU/SA
100 _aArun, .
245 _aSahitya mein statya tatha tathya /
_cArun.
_hTextual Documents
250 _a1 /
_b.
260 _a :
_bAtmaram and sons ,
_c1955.
300 _a200 ; .
365 _aRs 3.00
504 _a
942 _cBK
999 _c3626
_d3626